000
00504nam a2200181Ia 4500
008
090123s9999 xx 000 0 und d
082
_b
25070
100
_a
हस्ते इंदुमती
245
_a
पानगळ
250
_a
1
260
_b
जयश्री प्रकाशन
300
_a
201
600
_a
हस्ते इंदुमती
630
_a
पानगळ
700
_a
हस्ते इंदुमती
730
_a
पानगळ
942
_c
BOOK
999
_c
63141
_d
63141